000 00488nam a2200145 i 4500
001 49080
003 ES-MaACL
007 t|
008 030707s1917 sp ||||1| spa d
100 1 _aCorrales Puyol, Severino.
_940738
245 1 0 _aTratado de piscicultura de agua dulce y breve reseña sobre la piscifactoriá central de España /
_cSeverino Corrales Puyol.
260 _aMadrid :
_b[s.n.],
_c1917 (
_fVda. de Cont. Alvarez)
300 _a160 p. ;
_c19 cm.
852 _aES-MaACL
_jG-3213
999 _c49080
_d49080